Lie groups, lie algebras, and some of their applications / (Record no. 15468)

MARC details
000 -LEADER
fixed length control field 01196cam a2200313 i 4500
001 - CONTROL NUMBER
control field 14034900
003 - CONTROL NUMBER IDENTIFIER
control field EG-ScBUE
005 - DATE AND TIME OF LATEST TRANSACTION
control field 20240922091958.0
008 - FIXED-LENGTH DATA ELEMENTS--GENERAL INFORMATION
fixed length control field 050713r20051974nyua f b 001 0 eng d
020 ## - INTERNATIONAL STANDARD BOOK NUMBER
International Standard Book Number 0486445291 (pbk.)
020 ## - INTERNATIONAL STANDARD BOOK NUMBER
International Standard Book Number 9780486445298 (pbk.)
040 ## - CATALOGING SOURCE
Original cataloging agency DLC
Language of cataloging eng
Description conventions rda
Transcribing agency DLC
Modifying agency DLC
-- EG-ScBUE
082 04 - DEWEY DECIMAL CLASSIFICATION NUMBER
Classification number 512.55
Edition number 22
Item number GIL
100 1# - MAIN ENTRY--PERSONAL NAME
Personal name Gilmore, Robert,
Dates associated with a name 1941-
Relator term author.
9 (RLIN) 24423
245 10 - TITLE STATEMENT
Title Lie groups, lie algebras, and some of their applications /
Statement of responsibility, etc Robert Gilmore, Drexel University.
264 #1 - PUBLICATION, DISTRIBUTION, ETC. (IMPRINT)
Place of publication, distribution, etc Mineola, N.Y. :
Name of publisher, distributor, etc Dover Publications,
Date of publication, distribution, etc 2005.
300 ## - PHYSICAL DESCRIPTION
Extent xx, 587 pages :
Other physical details illustrations ;
Dimensions 22 cm
336 ## - CONTENT TYPE
Source rdacontent
Content type term text
Content type code txt
337 ## - MEDIA TYPE
Media type term unmediated
Source rdamedia
Media type code n
338 ## - CARRIER TYPE
Carrier type term volume
Carrier type code nc
Source rdacarrier
504 ## - BIBLIOGRAPHY, ETC. NOTE
Bibliography, etc Includes bibliographical references and index.
650 #7 - SUBJECT ADDED ENTRY--TOPICAL TERM
Topical term or geographic name as entry element Lie groups.
Source of heading or term BUEsh
9 (RLIN) 24424
650 #7 - SUBJECT ADDED ENTRY--TOPICAL TERM
Topical term or geographic name as entry element Lie algebras.
Source of heading or term BUEsh
9 (RLIN) 24425
653 ## - INDEX TERM--UNCONTROLLED
Arrived date list May2011
655 ## - INDEX TERM--GENRE/FORM
Form subdivision Reading book
856 42 - ELECTRONIC LOCATION AND ACCESS
Materials specified Publisher description
Uniform Resource Identifier <a href="http://www.loc.gov/catdir/enhancements/fy0625/2005051787-d.html">http://www.loc.gov/catdir/enhancements/fy0625/2005051787-d.html</a>
942 ## - ADDED ENTRY ELEMENTS (KOHA)
Source of classification or shelving scheme Dewey Decimal Classification
Koha item type Book - Borrowing
Holdings
Withdrawn status Lost status Source of classification or shelving scheme Damaged status Not for loan Collection code Home library Current library Shelving location Date acquired Source of acquisition Cost, normal purchase price Serial Enumeration / chronology Total Checkouts Full call number Barcode Date last seen Price effective from Koha item type
    Dewey Decimal Classification     Baccah Central Library Central Library First floor 30/05/2011 Purchase 187.00 12334   512.55 GIL 000023793 15/07/2025 30/05/2011 Book - Borrowing